000 00739nam a22002297a 4500
003 KOHA_MİRAKIL
005 20260602102955.0
008 260602b tu ||||| |||| 00| 0 tur d
020 _a9789757912507
040 _aTR-AnABB
_btur
_cTR-AnABB
041 _atur
082 _a720.86
_bKOC 2017
100 1 _aKoca, Duygu
245 1 0 _aEngelliler için mekan düzenlemelerinde :
_bkapsayıcı tasarım /
_cDuygu Koca, Meltem Yılmaz
246 _aKapsayıcı tasarım
260 _aAnkara :
_bYükseköğretim Kurulu Yayınları,
_c2017
300 _a225 sayfa ;
_c20 cm
650 0 4 _aMimari düzenlemeler
650 0 4 _aMimari düzenlemeler, Erişilebilirlik
700 1 _aYılmaz, Meltem
_93646
942 _2ddc
_cBK
999 _c10397
_d10397
900 _bCan ÇELIK